[Event "Kostroma Volga Cup"]
[Site "Kostroma"]
[Date "2010.07.09"]
[Round "10.1"]
[White "Shkalov, Oleg"]
[Black "Biryukov, Mikhail"]
[Result "1/2-1/2"]
[WhiteElo "2267"]
[BlackElo "2165"]
[PlyCount "117"]
[EventDate "2010.07.03"]
[EventType "tourn"]
[EventRounds "13"]
[EventCountry "RUS"]
[EventCategory "2"]
[SourceTitle "EXT 2011"]
[Source "ChessBase"]
[SourceDate "2010.11.26"]
[SourceVersion "1"]
[SourceVersionDate "2010.11.26"]
[SourceQuality "1"]

1. d4 Nf6 2. c4 g6 3. Nc3 d5 4. Nf3 Bg7 5. e3 0-0 6. b4 c6 7. Bb2 Bg4 8. h3 Bxf3 9. Qxf3 e6 10. Bd3 dxc4 11. Bxc4 Qb6 12. a3 Nd5 13. 0-0 a5 14. Na4 Qd8 15. Nc5 Qe7 16. e4 Nb6 17. Be2 Rd8 18. Qe3 Qc7 19. b5 N8d7 20. Nxd7 Rxd7 21. Rac1 Rad8 22. Rfd1 Qd6 23. bxc6 bxc6 24. Bf3 Qc7 25. g3 Qb7 26. Ba1 Nc8 27. e5 Ne7 28. Qc3 Qa7 29. Qc4 Rc8 30. Qa4 Qb6 31. Rc5 Nf5 32. g4 Ne7 33. Rxa5 Nd5 34. Be4 Qc7 35. Rc1 Qb7 36. Rac5 Bf8 37. R5c2 Qa7 38. Qxa7 Rxa7 39. Bb2 Bxa3 40. Ra1 Rca8 41. Bxa3 Rxa3 42. Rxa3 Rxa3 43. Rxc6 Ra4 44. Bxd5 exd5 45. Kg2 Rxd4 46. Rd6 Kf8 47. Kg3 Ke7 48. f3 Rd1 49. h4 d4 50. Kf4 d3 51. Kg5 d2 52. f4 h5 53. gxh5 Rg1+ 54. Kh6 d1Q 55. Rxd1 Rxd1 56. hxg6 fxg6 57. Kxg6 Rg1+ 58. Kf5 Rh1 59. Kg5 1/2-1/2

[Event "Kostroma Volga Cup"]
[Site "Kostroma"]
[Date "2010.07.04"]
[Round "3.1"]
[White "Biryukov, Mikhail"]
[Black "Derbenev, Andrey"]
[Result "1/2-1/2"]
[WhiteElo "2165"]
[BlackElo "2380"]
[PlyCount "203"]
[EventDate "2010.07.03"]
[EventType "tourn"]
[EventRounds "13"]
[EventCountry "RUS"]
[EventCategory "2"]
[SourceTitle "EXT 2011"]
[Source "ChessBase"]
[SourceDate "2010.11.26"]
[SourceVersion "1"]
[SourceVersionDate "2010.11.26"]
[SourceQuality "1"]

1. e4 c5 2. Nf3 d6 3. Bb5+ Bd7 4. Bxd7+ Qxd7 5. 0-0 Nc6 6. c3 Nf6 7. Re1 e6 8. d4 cxd4 9. cxd4 d5 10. e5 Ne4 11. Nbd2 Nxd2 12. Bxd2 Be7 13. Rc1 0-0 14. a3 Rfc8 15. Rc3 a6 16. Rd3 Qd8 17. h4 h6 18. Nh2 Bf8 19. Qg4 Kh7 20. Qf4 Qe8 21. Rf3 Ne7 22. Qxf7 Qxf7 23. Rxf7 Kg8 24. Rf3 Nf5 25. Bc3 Rc4 26. Rd1 Rac8 27. Nf1 Nxh4 28. Rh3 Ng6 29. Ne3 Nf4 30. Nxc4 Nxh3+ 31. gxh3 Rxc4 32. Rd3 b5 33. Kf1 Be7 34. Ke2 Bg5 35. Kd1 Kf7 36. Bd2 Bd8 37. b3 Rc8 38. Rc3 Rxc3 39. Bxc3 Kg6 40. Ke2 Kf5 41. Bd2 Ke4 42. Be3 Bb6 43. f3+ Kf5 44. Kf2 Bd8 45. Kg3 Be7 46. a4 Bb4 47. Kf2 Bc3 48. axb5 axb5 49. Ke2 Kg6 50. Kd3 Ba5 51. Ke2 Kh5 52. Bf2 Kg5 53. Ke3 Bc3 54. Bg3 Bb4 55. Kd3 Ba3 56. Ke3 Bb2 57. Kd3 Kf5 58. Ke3 Ba3 59. Kd3 Bb4 60. Ke3 g5 61. Kd3 Ba5 62. Ke3 Bd8 63. Be1 Be7 64. Bg3 Bf8 65. Be1 h5 66. Bd2 Be7 67. Kd3 g4 68. fxg4+ hxg4 69. hxg4+ Kxg4 70. Bh6 Kf3 71. Bd2 Kf2 72. Bc3 Kf1 73. Bd2 Bh4 74. Bb4 Be1 75. Be7 Ba5 76. Bh4 Bb4 77. Bg3 Be7 78. Bf4 Ke1 79. Bh6 Kd1 80. Bd2 Ba3 81. b4 Bb2 82. Bg5 Ba1 83. Be3 Ke1 84. Bc1 Kd1 85. Be3 Ke1 86. Bc1 Kf2 87. Be3+ Kf1 88. Bc1 Ke1 89. Bd2+ Kd1 90. Bg5 Bb2 91. Bf4 Ke1 92. Bd2+ Kf1 93. Be3 Ke1 94. Bd2+ Kf2 95. Be3+ Kf3 96. Bh6 Kg2 97. Bg5 Kf1 98. Bh6 Ke1 99. Bd2+ Kd1 100. Bg5 Bc1 101. Bxc1 Kxc1 102. Kc3 1/2-1/2

[Event "Vladivostok Cup"]
[Site "Vladivostok"]
[Date "2010.03.26"]
[Round "8"]
[White "Trofaniuk, Arseniy"]
[Black "Biryukov, Mikhail"]
[Result "0-1"]
[WhiteElo "1932"]
[BlackElo "2129"]
[PlyCount "66"]
[EventDate "2010.03.19"]
[EventType "swiss"]
[EventRounds "9"]
[EventCountry "RUS"]
[SourceTitle "EXT 2022"]
[Source "ChessBase"]
[SourceDate "2021.10.06"]
[SourceVersion "1"]
[SourceVersionDate "2021.10.06"]
[SourceQuality "1"]

1. d4 Nf6 2. c4 g6 3. Nf3 Bg7 4. Nc3 d5 5. Bf4 0-0 6. e3 c5 7. Rc1 cxd4 8. Nxd4 Nc6 9. Nxc6 bxc6 10. Be2 Ba6 11. Qa4 Bxc4 12. Bxc4 dxc4 13. Qxc4 Nd5 14. 0-0 Nxc3 15. bxc3 Qd5 16. Qe2 Rfd8 17. Rfd1 Qa5 18. c4 h5 19. e4 Rxd1+ 20. Rxd1 Rd8 21. Rxd8+ Qxd8 22. Qd2 Qb6 23. Qc2 Bd4 24. g3 Qb4 25. Bd2 Qc5 26. Be1 h4 27. Kg2 Qh5 28. f3 h3+ 29. Kf1 Qxf3+ 30. Bf2 Qg2+ 31. Ke1 Bxf2+ 32. Qxf2 Qxe4+ 33. Kd1 Qb1+ 0-1

[Event "Vladivostok Cup"]
[Site "Vladivostok"]
[Date "2010.03.24"]
[Round "6"]
[White "Biryukov, Mikhail"]
[Black "Yun, Svetomir"]
[Result "1-0"]
[WhiteElo "2129"]
[BlackElo "2051"]
[PlyCount "53"]
[EventDate "2010.03.19"]
[EventType "swiss"]
[EventRounds "9"]
[EventCountry "RUS"]
[SourceTitle "EXT 2022"]
[Source "ChessBase"]
[SourceDate "2021.10.06"]
[SourceVersion "1"]
[SourceVersionDate "2021.10.06"]
[SourceQuality "1"]

1. e4 c5 2. Nf3 d6 3. Bb5+ Bd7 4. Bxd7+ Qxd7 5. 0-0 Nc6 6. c3 g6 7. d4 cxd4 8. cxd4 Bg7 9. Nc3 Nf6 10. Re1 0-0 11. Bg5 Rfe8 12. Qe2 h6 13. Bxf6 Bxf6 14. Rad1 Bg7 15. e5 Rad8 16. Nd5 Qc8 17. e6 f5 18. Qd3 Qb8 19. Nh4 Bxd4 20. Nxg6 Bxb2 21. Qxf5 Bg7 22. Rd3 Rf8 23. Ndxe7+ Nxe7 24. Nxe7+ Kh8 25. Ng6+ Kg8 26. Nxf8 Rxf8 27. Qd5 1-0

[Event "Vladivostok Cup"]
[Site "Vladivostok"]
[Date "2010.03.21"]
[Round "3"]
[White "Biryukov, Mikhail"]
[Black "Petrov, Ivan1111"]
[Result "1-0"]
[WhiteElo "2129"]
[BlackElo "2204"]
[PlyCount "118"]
[EventDate "2010.03.19"]
[EventType "swiss"]
[EventRounds "9"]
[EventCountry "RUS"]
[SourceTitle "EXT 2022"]
[Source "ChessBase"]
[SourceDate "2021.10.06"]
[SourceVersion "1"]
[SourceVersionDate "2021.10.06"]
[SourceQuality "1"]

1. e4 c5 2. Nf3 e6 3. c3 Nf6 4. e5 Nd5 5. d4 cxd4 6. cxd4 d6 7. a3 Nc6 8. exd6 Qxd6 9. Nc3 a6 10. Bc4 Nxc3 11. bxc3 Be7 12. 0-0 0-0 13. a4 Rd8 14. Qe2 Qc7 15. Bd3 Bf6 16. Re1 Ne7 17. Bd2 Nd5 18. Qe4 g6 19. Rac1 Bd7 20. c4 Ne7 21. d5 exd5 22. cxd5 Qd6 23. Bb4 Qxd5 24. Bxe7 Qxe4 25. Rxe4 Bxe7 26. Rxe7 Bxa4 27. Be4 Bc6 28. Bxc6 bxc6 29. Rxc6 a5 30. Rc3 a4 31. Ra3 Rd5 32. g3 Rb5 33. Re4 Rb3 34. Rxb3 axb3 35. Rb4 Ra1+ 36. Kg2 Rb1 37. Nd2 Rb2 38. Nxb3 Kg7 39. Rb5 h6 40. Nd4 Rd2 41. Nf3 Rd7 42. Rb6 Rc7 43. h4 Ra7 44. Nh2 h5 45. Nf1 Rc7 46. Ne3 Rc5 47. Rb7 Rc6 48. Kf3 Rf6+ 49. Ke2 Re6 50. f4 Kf6 51. Kf3 Ra6 52. Nc4 Kg7 53. Ne5 Rf6 54. Ke4 Rf5 55. Rxf7+ Rxf7 56. Nxf7 Kxf7 57. Ke5 Kg7 58. f5 gxf5 59. Kxf5 Kh6 1-0

[Event "Wch U18"]
[Site "Kemer"]
[Date "2009.11.18"]
[Round "7"]
[White "Biryukov, Mikhail"]
[Black "Rasovic, Uros"]
[Result "1/2-1/2"]
[WhiteElo "2165"]
[BlackElo "1914"]
[PlyCount "127"]
[EventDate "2009.11.12"]
[EventType "swiss"]
[EventRounds "11"]
[EventCountry "TUR"]
[SourceTitle "EXT 2010"]
[Source "ChessBase"]
[SourceDate "2010.11.25"]
[SourceVersion "1"]
[SourceVersionDate "2010.11.25"]
[SourceQuality "1"]

1. e4 c5 2. Nf3 d6 3. Bb5+ Bd7 4. Bxd7+ Nxd7 5. 0-0 e6 6. c3 g6 7. d4 Bg7 8. Re1 Ne7 9. Bf4 e5 10. dxe5 dxe5 11. Be3 0-0 12. Qd6 Nc8 13. Qd2 Qe7 14. Na3 Ncb6 15. Rad1 Rfd8 16. Qd6 Bf8 17. Qxe7 Bxe7 18. Rd2 a6 19. Red1 f6 20. b3 Kf7 21. Nb1 c4 22. b4 Ke6 23. Kf1 Na4 24. Ke2 Ndb6 25. Rxd8 Bxd8 26. Kd2 Nb2 27. Rf1 Bc7 28. Kc2 N6a4 29. Ne1 Rd8 30. Bc1 Nd3 31. Nxd3 Rxd3 32. Rd1 Rxd1 33. Kxd1 Kd6 34. Be3 Nb2+ 35. Kd2 Kc6 36. Na3 b5 37. Nc2 f5 38. f3 f4 39. Bc5 Bd6 40. Bg1 Bc7 41. Bc5 Bd8 42. Bf8 Bb6 43. Be7 Na4 44. Bf6 Kd6 45. Bh4 h6 46. Be1 Bg1 47. h3 Nb2 48. Ke2 Nd3 49. Bd2 Bf2 50. a4 Kc6 51. axb5+ axb5 52. Ne1 Bxe1 53. Bxe1 Nxe1 54. Kxe1 Kd6 55. Kf2 Ke6 56. g4 fxg3+ 57. Kxg3 Kf7 58. Kh4 Kf6 59. Kg3 g5 60. Kh2 Kg6 61. Kg2 Kf6 62. Kh2 Kf7 63. Kg2 Kg6 64. Kh2 1/2-1/2